| 000 | 01402cad a2200265 4500 | ||
|---|---|---|---|
| 001 | L159063 | ||
| 008 | 100215n2013 000 0 eng u | ||
| 020 | _a9781783210305 | ||
| 035 | _a(Sirsi) u159063 | ||
| 041 | _aeng | ||
| 100 | 1 | _aWarren, Clive M. J. | |
| 111 | 2 |
_aConstruction and Building Research Conference _cIIT Delhi, New Delhi _d10-12 September 2013 |
|
| 245 | 0 | 0 |
_aResearch impact _bAn assessment of benchmarking tools and their use among property academics in Australia _h[electronic resource] |
| 260 |
_aLondon _bRICS _c2013 |
||
| 490 | 0 |
_aCOBRA _v2013 |
|
| 520 | _aA paper presented at the COBRA Conference in New Delhi on 10-12 September 2013. Reports on a survey of Australian property academics to assess the knowledge level and adoption of leading research output measures and online impact tracking tools. The results point to a need for greater understanding of these benchmarking tools. | ||
| 650 | 2 | 4 | _aCONSTRUCTION AND BUILDING RESEARCH CONFERENCE (COBRA) |
| 650 | 2 | 4 | _aIMPACT ASSESSMENT |
| 650 | 2 | 4 | _aRESEARCH ASSESSMENT |
| 650 | 2 | 4 | _aBENCHMARKING |
| 651 | 4 | _aAustralia | |
| 690 |
_aProperty management _96262 |
||
| 856 | 4 | 0 |
_uhttps://www.rics.org/Global/Paper%20185%20RESEARCH%20IMPACT%20AN%20ASSESSMENT%20OF%20BENCHMARKING%20TOOLS%20AND%20THEIR%20USE%20AMONG%20PROPERTY%20ACADEMICS%20IN%20AUSTRALIA.pdf _zView this item free of charge at www.rics.org |
| 942 | _n0 | ||
| 999 |
_c115657 _d115657 |
||